000 00511nam a2200181Ia 4500
003 GCL
008 140319s9999 xx 000 0 ara d
040 _aGCL /
_cGCL
082 0 4 _a613.26226
_bا ح
100 1 _aاسماعيل عبده
245 1 0 _aالحالة الغذائية فى الوادى الجديد /
_cاسماعيل عبده
300 _a375 ص
490 _aكتاب
_v0
650 0 4 _aالسكان
650 0 4 _aالتغذية
650 0 4 _aالواحات الداخلة
942 _2ddc
_cBK
999 _c42004
_d42004